Arkansas State Football: Top 10 All-Time Leaders - Statistics

General Stats
  • This quiz has been taken 5 times
  • The average score is 17 of 51
Answer Stats
Category # Player Amount % Correct
Passing Yards 4 Cleo Lemon 7,706
75%
Interceptions T5 Al Johnson 14
50%
Tackles 2 Bill Bergey 436
50%
Passing Yards 6 Corey Leonard 7,319
50%
Receiving Yards 1 Corey Rucker 3,855
50%
Passing Yards 3 Jaylen Raynor 8,043
50%
Receiving Yards 2 J.D. McKissic 2,826
50%
Rushing Yards 4 Jonathan Adams 3,005
50%
Receiving Yards 6 Jonathan Adams Jr. 2,306
50%
Receiving Yards 4 Lennie Johnson 2,730
50%
Receiving Yards 3 Omar Bayless 2,775
50%
Sacks 6 Robert Speer 19.0
50%
Tackles 3 Ron Smith 422
50%
Passing Yards 9 Roy Johnson 4,597
50%
Sacks 3 Alex Carrington 21.5
25%
Rushing Yards 3 Antonio Warren 3,040
25%
Sacks T7 Brandon Joiner 17.0
25%
Sacks T7 Bryan Hall 17.0
25%
Rushing Yards 7 Calvin Harrell 2,935
25%
Sacks T4 Charlie Fredrick 21.0
25%
Sacks T4 Clarence Williams 21.0
25%
Rushing Yards 10 Corey Walker 2,340
25%
Interceptions 1 Dennis Meyer 27
25%
Interceptions 2 Dick Ritchey 19
25%
Receiving Yards 9 Dwayne Frampton 1,894
25%
Passing Yards 8 Fredi Knighten 5,371
25%
Sacks T7 Glen Koenig 17.0
25%
Passing Yards 7 James Hamilton 5,383
25%
Sacks 1 Ja'Von Rolland-Jones 43.5
25%
Receiving Yards 8 Jeff Foreman 2,067
25%
Tackles 1 Jerry Muckensturm 493
25%
Interceptions 4 Johnathan Burke 15
25%
Passing Yards 10 Johnny Covington 4,426
25%
Passing Yards 2 Justice Hansen 10,133
25%
Rushing Yards 8 Lamont Zachery 2,640
25%
Passing Yards 5 Layne Hatcher 7,427
25%
Receiving Yards 10 Levi Dejohnette 1,816
25%
Sacks 2 Marvin Neloms 28.0
25%
Rushing Yards 5 Michael Gordon 2,961
25%
Tackles 5 Mike Malham 370
25%
Tackles 6 Mike Morris 366
25%
Interceptions T5 Orley Massena 14
25%
Tackles 4 Qushaun Lee 393
25%
Rushing Yards 2 Reggie Arnold 3,933
25%
Rushing Yards 9 Richard Kimble 2,518
25%
Rushing Yards 1 Richie Woit 3,947
25%
Rushing Yards 6 Rickey Jemison 2,956
25%
Receiving Yards 5 Robert Kilow 2,446
25%
Passing Yards 1 Ryan Aplin 10,758
25%
Receiving Yards 7 Taylor Stockemer 2,146
25%
Interceptions 3 Terry Whiting 16
25%
No matching quizzes found
Score Distribution
Percent of People with Each Score
Percentile by Number Answered
Your Score History
You have not taken this quiz